000 00688nam a22002175i 4500
001 177668
003 ES-MaACL
005 20230906220402.0
008 110411s2006 sp |||| | spa d
020 _a84-87153-23-2
080 _a821.134.2-14"19"
100 1 _aGarcía Ramírez, Salvador.
_9146089
245 1 0 _aNudos /
_cSalvador García Ramírez.
260 _aAlcalá de Henares :
_bFundación Colegio del Rey,
_cimp. 2006.
300 _a114 p. ;
_c21 cm.
490 1 _aAlcalá-Poesía ;
_v29
500 _aNudos obtuvo el premio de poesía "Ciudad de Alcalá" 2005.
830 0 _aAlcalá-Poesía ;
_v29
_9189789
852 _aES-MaACL
_jE-14866
999 _c177668
_d177668